000 00582nam a2200229Ia 4500
003 OSt
005 20221007075637.0
006 a|||||r|||| 00| 0
007 ta
008 221006b |||||||| |||| 00| 0 eng d
024 _a28,767
037 _cTextual
040 _aFLL
_cFLL
_beng
041 _2eng
_aeng
082 _aZ(Q2), M9
100 _aMani B.N.
245 0 _aLaw of Dharmasastras
260 _aNew Delhi
_bMrs. Nirmal Singal for Navrang India
_c1989
300 _a348p
_ccm.
942 _hZ(Q2), M9
_cTEXL
_2CC
999 _c1156849
_d1156849